000 01971nam a2200205Ia 4500
005 20250605092955.0
008 008 250516s9999 xx 000 0 eng d
020 _a9781032799070
040 _aSDCL
_beng
_cSDCL
041 _aeng
_2eng
084 _aV:(G:55) R5
_qSDCL
100 _aAlexander, M. Ervin
_9810147
245 0 _aExploring political ecology :
_bIssues, problems, and solutions to the climate change crisis
260 _aNew York :
_bRoutledge,
_c2025.
300 _axi, 255p.
365 _aUKP
_b36.99
520 _aThis book explores some of the conditions and underlying causes of the multiple environmental crises facing humanity. Rooted in anthropology, but multidisciplinary in scope, it surveys the many socio-cultural and socio-economic errors, foibles, and follies that brought us to these circumstances. Crucially and uniquely, it outlines an array of viable and practical solutions, some of which are radically different from the current status quo and cultural expectations. The first chapter canvasses the emerging, interdisciplinary field of political ecology, then Part I examines details and trends in agriculture. Part II portrays the threats posed by carbon dependent and combustive technologies as well as the hydro and nuclear energy systems now powering the majority of human actions in developed parts of the world and expanding beyond. The third part turns to consider solutions, including green new deals, de-growth policies, localization, agroecology, alternative energy systems, and many more possibilities. The conclusions engage with urgent moral and legal issues and outline social movement strategies—all related to our collective neglect of climate change—and then finally speculate upon possible futures. This book is key reading for researchers and students interested in climate change across the social and physical sciences and humanities.
650 _aEnvironmental History
_9811796
942 _cTEXL
_2CC
_n0
999 _c1430670
_d1430670